000 00322 a2200121 4500
020 _a9695460003
082 _a624.17 RIZ
100 _aRizwan, Syed Ali
245 _aTheory of indeterminate structures
_cSyed Ali Rizwan
250 _a2nd. ed.
260 _aLahore :
_bA One publishers
_c2003
300 _a457 p. :
_bill. ;
_c25 cm.
650 _astructure
999 _c314
_d314